Exekúcia predajom cenných papierov

Osobitným spôsobom exekúcie je exekúcia predajom cenných papierov. Právna úprava Exekučného poriadku umožňuje realizovať exekúciu predajom cenných papierov vydaných v ktorejkoľvek forme. Vykonávanie exekúcie predajom cenných papierov.

Saved in:
Bibliographic Details
Main Author: Bajcura, Andrej
Format: Book Chapter
Language:Slovak
Subjects:
Tags: Add Tag
No Tags, Be the first to tag this record!

MARC

LEADER 00000naa a2200000 4500
001 r026503
005 20230919113150.3
041 0 |a slo 
044 |a SK 
245 1 0 |a Exekúcia predajom cenných papierov  |c Andrej Bajcura 
520 |a Osobitným spôsobom exekúcie je exekúcia predajom cenných papierov. Právna úprava Exekučného poriadku umožňuje realizovať exekúciu predajom cenných papierov vydaných v ktorejkoľvek forme. Vykonávanie exekúcie predajom cenných papierov. 
610 2 0 |a exekúcia 
610 2 0 |a papiere cenné 
610 2 0 |a úpravy právne 
610 2 0 |a poriadok exekučný 
100 1 |a Bajcura, Andrej